Joueurs passés par l'OL et l'ASSE - Statistiques

Statistiques générales
  • Ce quiz a été pris 36 fois
  • Le résultat moyen est 4 sur 33
Statistiques - réponses
Joueur Poste Lyon Saint-Etienne % Correct
Bafétimbi Gomis ATT 2009-2014 2003-2009
97%
François Clerc DEF 2005-2010 2012-2016
56%
Grégory Coupet GB 1996-2008 1993-1997
56%
Bernard Lacombe ATT 1969-1978 1978-1979
34%
Steed Malbranque MIL 1997-20012012-2016 2011-2012
34%
Frédéric Piquionne ATT 2008-2009 2004-2007
31%
Jérémy Clément MIL 2003-2006 2011-2017
25%
Mathieu Bodmer MIL 2007-2010 2012-2013
16%
Mouhamadou Dabo DEF 2011-2015 2004-2010
16%
Timothée Kolodziejczak DEF 2009-2012 2018-2022
16%
Lenny Pintor ATT 2018-2019 2022-2023
13%
Aimé Jacquet MIL 1973-1975 1960-1973
9%
Lamine Diatta DEF 2004-2006 2006-2008
6%
Patrice Carteron DEF 1997-2000 2000-2005
6%
Christopher Deguerville DEF 1995-1997 1987-1995
3%
David Hellebuyck MIL 1998-1999 2001-2006
3%
François Lemasson GB 1987-1990 1986-1987
3%
Jean-Luc Sassus DEF 1994-1997 1997-1998
3%
Laurent Fournier MIL 1980-1988 1988-1990
3%
Pape Diakhaté DEF 2010-2011 2009-2010
3%
Patrice Ferri DEF 1992-1993 1982-1988
3%
Sylvain Monsoreau DEF 2005-2006 2008-2012
3%
Alain Moizan MIL 1980-1982 1982-1984
0%
André Calligaris DEF 1960-1961 1957-1960
0%
André Guy ATT 1967-1971 1962-1965
0%
Antoine Rodriguez DEF 1951-1952 1942-1951
0%
Franck Priou MIL 1980-1988 1988-1990
0%
Jean-François Larios MIL 1984-1985 1973-1982
0%
José Broissart MIL 1976-1980 1969-1973
0%
Laurent Morestin DEF 1997-1998 2003-2004
0%
Michel Cristobal DEF 1950-1952 1945-1949
0%
Olivier Roussey MIL 1979-1980 1977-1978
0%
Romarin Billong DEF 1989-1996 1995-1999
0%
Aucun quiz correspondant
Distribution des résultats
% des personnes avec chaque résultat
Percentile par nombre de réponses
Votre historique - résultats
Vous n’avez pas pris ce quiz